000 00260nam a2200085Ia 4500
008 230915s9999 xx 000 0 und d
100 _aSARKAR, SUDIPTO
245 0 _aLAW OF EVIDENCE: IN INDIA, PAKISTAN, BANGLADESH, BURMA, CEYLON, MALAYSIA & SINGAPORE
942 _cBK
999 _c60516
_d60516